Extremely Hard General Knowledge #7 - Statistics

General Stats
  • This quiz has been taken 1,272 times
  • The average score is 4 of 20
Answer Stats
Hint Answer % Correct
What is the Latin translation of 'Body of Christ'? Corpus Christi
51%
Which country has the most (14) stripes on its flag? Malaysia
51%
In Judaism, how many days after Rosh Hashanah (New Year) is Yom Kippur (Day of Atonement)? 10
41%
Who was the founder of Taoism? Laozi
33%
In which year did Bahrain become independent from the UK? 1971
31%
Who is the lead singer of The Killers? Brandon Flowers
29%
What is the name of the bridge that connects Malmo, Sweden and Copenhagen, Denmark? Øresund Bridge
26%
Which team has won the most (24) Stanley Cups in Ice Hockey? Montreal Canadiens
23%
Which William Shakespeare play is set in Padua, Italy? The Taming of the Shrew
17%
How many seats in UK Parliament represent a Scottish constituency? 59
15%
In 1977, who became the first 'posthumous' winner in the acting category at the Oscars, for his role in 'Network' ? Peter Finch
11%
What is the women's equivalent of the Ryder Cup? Solheim Cup
10%
What is the largest UK National Park by area? Cairngorms
9%
Who became the CEO of Google in October 2015? Sundar Pichai
8%
Who is the protagonist in the musical 'Hairspray' Tracy Turnblad
8%
Which Italian composed Norma, an opera based on Alexandre Soumet's play? Vincenzo Bellini
6%
Which Italian word (translating to 'mistaken') succeeds Negroni in the name of a cocktail when Spumante is added instead of Gin? Sbagliato
5%
In the MCU films, who plays Okoye, the general of the Dora Milaje? Danai Gurira
4%
What as the name of Rihanna's debut album? Music of the Sun
3%
The film Jojo Rabbit (2019) is based on the novel Caging Skies by which author? Christine Leunens
1%
No matching quizzes found
Score Distribution
Percent of People with Each Score
Percentile by Number Answered
Your Score History
You have not taken this quiz